Počítačová grafika

Bibliographic Details
Main Author: Mayer, Petr, 1967- (Author)
Format: Book
Language:Czech
Published: Praha České vysoké učení technické 1991
ISBN:8001005151
Edition:1. vyd.

MARC

LEADER 00000nam a2200000 a 4500
001 vtls001149523
003 SK-MaSNL
005 20260302031424.0
008 240314s1991 CS 0 cze
020 |a 8001005151 
035 |a SNK000092384 
040 |a SNK  |b slo  |c SNK  |e AACR2 
041 0 |a cze 
044 |a [CS] 
100 1 |a Mayer, Petr,  |d 1967-  |4 aut  |9 246489 
245 1 0 |a Počítačová grafika  |c Petr Mayer 
250 |a 1. vyd. 
260 |a Praha  |b České vysoké učení technické  |c 1991 
919 |a 80-01-00515-1 
999 |c 1052292  |d 1054222 
952 |t P60, <04>, [BOOK], {604}  |a SNK  |b SNK  |y VYP  |7 0  |p 17A0061393  |o snkIB 65003  |0 0  |1 0  |4 0  |d 1997-04-17  |l 0  |r 2005-01-01 00:00:00  |w 2026-02-24 
952 |t P60, <04>, [BOOK], {604}  |a SNK  |b SNK  |y VYP  |7 0  |p 17A0093398  |o snkIB 65003 D1  |0 0  |1 1  |4 0  |d 1997-09-10  |l 0  |r 2005-01-01 00:00:00  |w 2026-02-24